000 00491cam a2200145 4500500
005 20251012010940.0
041 _afre
042 _adc
100 1 0 _aKacem, Mehdi Belhaj
_eauthor
245 0 0 _aLe Point de vue animal : Une autre version de l’histoire
260 _c2012.
500 _a67
786 0 _nPhilosophie magazine | 58 | 4 | 2012-04-01 | p. 49-49 | 1951-1787
856 4 1 _uhttps://shs.cairn.info/magazine-philosophie-magazine-2012-4-page-49?lang=fr&redirect-ssocas=7080
999 _c1521244
_d1521244